000 00499nam a2200217Ia 4500
008 210210b1843 xxu||||| |||| 00| 0 eng d
041 _aeng
082 _a270/12
100 _aCHALLONER (Bishop)
245 _aMemoirs of missionary priets Vol.2
260 _aDublin
_bThomas Richardson and Son
_c1843
300 _a470
440 _a2
650 _aVol.2
650 _apriets
650 _aof
650 _amissionary
650 _aMemoirs
690 _aChristianity
906 _a001438
999 _c116552
_d116552